Arts & Decoration (1910-1918)

Xehetasun bibliografikoak
Formatua: Baliabide elektronikoa Aldizkaria
Hizkuntza:English
Gaiak:
Sarrera elektronikoa:Full text available on JSTOR[1910-11-01 - 1918-04-01]
Off-campus access
LEADER 00942cas a2200205 a 4500
001 AALejournalJSTOR003003
008 230228c9999 xx r poo 0 0eng d
022 |a 2472-6052 
022 |a 2472-6060 
040 |a BD-DhAAL  |c BD-DhAAL 
245 0 0 |h [electronic resource]  |a Arts & Decoration (1910-1918) 
300 |a 1 online resource 
362 0 |a Vol. 1,  |a no. 1 
500 |a <strong>Off-Campus Access:</strong> Athens ID and Password Required 
500 |a <strong>On-Campus Access:</strong> No User ID or Password Required 
506 |a Electronic access restricted to authorized BRAC University faculty, staff and students 
538 |a Mode of access: Internet 
650 4 |a Art & Art History ; Arts 
856 4 0 |z Full text available on JSTOR[1910-11-01 - 1918-04-01]  |u https://www.jstor.org/journal/artsdeco1910 
856 4 0 |z Off-campus access  |u https://go.openathens.net/redirector/bracu.ac.bd?url=https%3A%2F%2Fwww.jstor.org%2Fjournal%2Fartsdeco1910